Loading...
| Science - Physics | 0 | 6 | 1 | 2 | 55 | 35 | 78.50 | 0 | 3 | 0.00 | 0.00 |
| Mythology | 0 | 5 | 1 | 0 | 45 | 29 | 53.80 | 1 | 3 | 0.00 | 0.00 |
| Science - Other | 0 | 4 | 0 | 1 | 40 | 70 | 90.75 | 0 | 2 | 0.00 | 0.00 |
| Science - Chemistry | 0 | 3 | 1 | 1 | 25 | 69 | 90.00 | 1 | 1 | 0.00 | 0.00 |
| Literature - American | 0 | 2 | 0 | 1 | 20 | 63 | 87.50 | 0 | 1 | 0.00 | 0.00 |
| Popular Culture | 0 | 1 | 0 | 0 | 10 | 68 | 68.00 | 0 | 1 | 0.00 | 0.00 |
| Literature - European | 0 | 1 | 0 | 0 | 10 | 49 | 49.00 | 0 | 0 | 0.00 | 0.00 |
| History - Other | 0 | 1 | 0 | 0 | 10 | 69 | 69.00 | 0 | 1 | 0.00 | 0.00 |
| Science - Biology | 0 | 1 | 1 | 0 | 5 | 54 | 54.00 | 0 | 1 | 0.00 | 0.00 |